Pakistan : (Record no. 3150)

MARC details
000 -LEADER
fixed length control field 006090000a22001810004500
008 - FIXED-LENGTH DATA ELEMENTS--GENERAL INFORMATION
fixed length control field 230817t ||||| |||| 00| 0 eng d
020 ## - ISBN
ISBN 9990037221
082 ## - DEWEY DECIMAL CLASSIFICATION NUMBER
Classification number 362.8292
Item number AMN
942 ## - ADDED ENTRY ELEMENTS (KOHA)
Item Type Reports
110 ## - MAIN ENTRY--CORPORATE NAME
Corporate Name Amnesty International
245 ## - TITLE STATEMENT
Title Pakistan :
Sub Title violence against women in the name of honour
260 ## - PUBLICATION, DISTRIBUTION, ETC. (IMPRINT)
Place of Publication New York:
Name of Publisher Amnesty International,
Date of Copyright 1999
300 ## - PHYSICAL DESCRIPTION
Extent 57 p. : ill. ; 28 cm
856 ## - ELECTRONIC LOCATION AND ACCESS
Uniform Resource Identifier <a href="https://www.amnesty.org/en/documents/asa33/017/1999/en/">https://www.amnesty.org/en/documents/asa33/017/1999/en/</a>
650 ## - SUBJECT ADDED ENTRY--TOPICAL TERM
Topical Term Abused women- Government policy- Pakistan
650 ## - SUBJECT ADDED ENTRY--TOPICAL TERM
Topical Term Family violence -Pakistan
650 ## - SUBJECT ADDED ENTRY--TOPICAL TERM
Topical Term Women, Crimes against- Pakistan
Holdings
Withdrawn status Lost status Damaged status Not for loan Permanent location Current location Date acquired Total Checkouts Full call number Barcode Date last seen Price effective from Koha item type
        Resource center, Muslim Women's Research And Action Forum Resource center, Muslim Women's Research And Action Forum 2023-08-17   362.8292 AMN RAF3913 2023-08-17 2023-08-17 Reports

Copyright © 2023 Muslim Women's Research and Action Forum (MWRAF), No 27/3, Anderson Road, Kalubowila, Dehiwela. Funded by The Asia Fundation